Statistiken für Polen A-Z

Klicken Sie hier um das Quiz zu spielen!

Allgemein

  • Dieses Quiz wurde 112 mal gespielt
    (72 seit der letzten Aktualisierung)
  • Das Durchschnittsergebnis liegt bei 12 aus 26

Antwortstatistiken

#HinweisAntwort% Korrekt
WHauptstadtWarschau
92%
ADeutsches Konzentrationslager in KleinpolenAuschwitz
88%
OGrenzfluss zu DeutschlandOder
85%
DPräsidentAndrzej {Duda}
82%
GHafenstadt im NordenGdańsk | Gdynia
78%
JPolnischer PapstJohannes Paul II
73%
NMilitärbündnis dem Polen 1999 beitratNATO
72%
KRussische Exklave nördlich von PolenKaliningrad
67%
FVorname des Klaviervirtuosen{Frédéric} Chopin
65%
IIn diesem südeuropäischen Land leisteten die Polnischen Streitkräfte im Westen in der Schlacht von Montecassino einen starken Beitrag zum Sieg der Alliierten im Zweiten WeltkriegItalien
62%
PHauptstadt von Großpolen (Wielkopolska)Posen
57%
LRealunion von 1569-1795Polen-{Litauen}
47%
SGewerkschaft deren Vorsitzender Lech Wałęsa warSolidarność
47%
ZPolnischer Wintersportort in der Hohen TatraZakopane
38%
VOffizieller Name 1952-1989{Volksrepublik} Polen
37%
BHauptstadt von PodlachienBiałystok
30%
RGrenzgebirge zu Tschechien in Niederschlesien{Riesen}gebirge
28%
HMeeresbucht in Ermland-MasurenFrisches {Haff}
27%
X
Zweitgrößte Kirche Polens
Enthält ein X
Polnisch-{Orthodoxe} Kirche
25%
CWallfahrtsort mit Schwarzer MadonnaCzęstochowa
22%
MErster katholischer Herrscher Polens 960-992Mieszko
22%
TKaribische Kolonie des von Polen abhängigen KurlandsTobago
22%
QRoman von Henryk SienkiewiczQuo Vadis
17%
U1440-1444 von Władysław III von Warna mit Polen in Personalunion regiertUngarn
17%
YSchwedische Stadt am nächsten zu PolenYstad
13%
EVon Polen abhängiges Fürstbistum 1466-1772Ermland
5%

Verteilung der Resultate

Perzentil nach korrekt beantworteten Fragen

Anzahl Personen mit jedem Resultat

Ihre Resultats-Entwicklung

Sie haben dieses Quiz seit der letzten Aktualisierung nicht gespielt